01051nam a2200301Ic 450000100060000000300100000600500170001600700030003300800410003602000180007704000350009504100080013008400060013810000340014424500420017825000230022026400690024330000560031233600270036833700330039533800280042849000650045652100450052165000510056665000410061765000510065865000400070958492CO-BoRNBP20250825143629.0ta161213s2016 ck a g 000 0 spa  a9789585944534 aCO-BoRNBPbspaerdacCO-BoRNBP aspa aC aSerrano, Lucía,d1983-eaut13aEl más suertudo /cLucía Serrano. aEdición especial 1aBogotá, Colombia :bDistribuidora Comercial Didáctica,c2016 a[16] páginas sin numerar :bilustraciones a color atextobtxt2rdacontent asin mediaciónbn2rdamedia avolumenbnc2rdacarrier0 aPlan Nacional de Lectura y Escritura Leer es mi Cuento. 2016 aRecomendado para niños de 2 a 4 años04aCuentos infantiles españolesySiglo XX2LEMB07aLibros ilustrados para niños2LEMB04aLiteratura infantil españolaySiglo XX2LEMB07aMadre e hijo en la literatura2lemb